An Integrated Approach To Software Engineering (Record no. 7486)
[ view plain ]
| 000 -LEADER | |
|---|---|
| fixed length control field | 00386nam a2200157Ia 4500 |
| 008 - FIXED-LENGTH DATA ELEMENTS--GENERAL INFORMATION | |
| fixed length control field | 221030s9999 xx 000 0 und d |
| 020 ## - INTERNATIONAL STANDARD BOOK NUMBER | |
| ISBN | 8173192715 |
| 041 ## - LANGUAGE CODE | |
| Language code of text/sound track or separate title | |
| 082 ## - DEWEY DECIMAL CLASSIFICATION NUMBER | |
| Classification number | 105.23 |
| Item number | Jal |
| 100 ## - MAIN ENTRY--AUTHOR NAME | |
| Personal name | P. Jalote |
| 245 #3 - TITLE STATEMENT | |
| Title | An Integrated Approach To Software Engineering |
| 260 ## - PUBLICATION, DISTRIBUTION, ETC. (IMPRINT) | |
| Name of publisher | Narosa Pub. |
| Place of publication | New Delhi |
| Year of publication | 1997 |
| 300 ## - PHYSICAL DESCRIPTION | |
| Number of Pages | 497 |
| 650 ## - SUBJECT ADDED ENTRY--TOPICAL TERM | |
| Topical Term | BE Computer |
| 942 ## - ADDED ENTRY ELEMENTS (KOHA) | |
| Koha item type | Books |
| Accession Number | Cost, normal purchase price | Full call number | Price effective from | Koha item type | Withdrawn / writtenoff status | Materials specified (bound volume or other part) | Damaged status | Not for loan | Permanent Location | Current Location | Date acquired | Lost/ Missing status | department |
|---|---|---|---|---|---|---|---|---|---|---|---|---|---|
| BE 3963 | 250.00 | 105.23 Jal | 10/30/2022 | Books | MIET Library, Jammu | MIET Library, Jammu | 06/06/2001 | BE |